Joueurs et joueuses de tennis de table - Images #2 - Statistiques

Statistiques générales
  • Ce quiz a été pris 116 fois
  • Le résultat moyen est 12 sur 20
Statistiques - réponses
Par images Réponse % Correct
Simon Gauzy
96%
Timo Boll
92%
Charlotte Lutz
91%
Hugo Calderano
91%
Wang Chuqin
84%
Truls Moregard
83%
Tomokazu Harimoto
79%
Benedikt Duda
67%
Shunsuke Togami
66%
Xiang Peng
62%
Chen Meng
61%
Wang Yidi
57%
Mima Ito
54%
Sofia Polcanova
53%
Lin Gaoyuan
51%
Chen Xingtong
35%
Lily Zhang
22%
Miu Hirano
19%
Xialian Ni
16%
Kim Nayeong
3%
Aucun quiz correspondant
Distribution des résultats
% des personnes avec chaque résultat
Percentile par nombre de réponses
Votre historique - résultats
Vous n’avez pas pris ce quiz